[Event "Paris FIDE GP"]
[Site "Elancourt"]
[Date "2013.09.24"]
[Round "3"]
[White "Caruana, Fabiano"]
[Black "Fressinet, Laurent"]
[Result "1-0"]
[WhiteElo "2779"]
[BlackElo "2708"]
[Annotator "Stohl,I"]
[PlyCount "77"]
[EventDate "2013.09.22"]
[EventType "tourn"]
[EventRounds "11"]
[EventCountry "FRA"]
[EventCategory "20"]
[SourceTitle "CBM 157"]
[Source "ChessBase"]
[SourceDate "2013.11.12"]
[SourceVersion "1"]
[SourceVersionDate "2013.11.12"]
[SourceQuality "1"]

1. e4 e5 2. Nf3 Nc6 3. Bb5 a6 4. Ba4 Nf6 5. O-O Be7 6. Re1 b5 7. Bb3 O-O 8. a4
b4 9. d4 d6 10. dxe5 Nxe5 (10... dxe5 {is slightly more common - see
Grischuk-Svidler, Negi-Caruana and Carslen-Aronian.}) 11. Nxe5 (11. Nbd2 Nxf3+
$5 (11... Nfd7 $146 12. Nd4 c5 13. Nf5 Nf6 14. Ne3 (14. Nxe7+ Qxe7 15. Nc4 $14
{/=}) 14... Bb7 15. f3 Ng6 16. Ndc4 d5 17. exd5 Nxd5 18. Nf5 Qc7 19. Nxe7+
Ngxe7 20. Bg5 Nf5 21. c3 (21. Na5 $5) 21... bxc3 22. bxc3 h6 23. Qd3 g6 24. Bd2
Rad8 25. Qe2 Nf4 26. Bxf4 Qxf4 27. Rad1 Bd5 28. Nd2 Bxb3 29. Nxb3 Qxa4 30. Nxc5
{Nakamura,H (2772)-Aronian,L (2813)/Saint Louis/2013/} Qc6 $11) 12. Nxf3 Bb7
13. e5 Nd7 14. e6 fxe6 15. Bxe6+ Kh8 16. Bd5 c6 17. Ba2 c5 18. Bd5 Bxd5 19.
Qxd5 Nb6 20. Qe6 Bf6 21. a5 Nd7 22. Qd5 (22. Qxd6 Ne5 $44) 22... Ne5 23. Nd2
Ng4 24. Nf3 Ne5 25. Nd2 Ng4 $11 {1/2,Anand,V (2782)-Naiditsch,A (2574)/
Dortmund/2004/}) 11... dxe5 12. Qe2 (12. Qf3 Be6 $5 13. Nd2 Bc5 14. h3 Nd7 $5
15. Qe2 Qe7 16. Bc4 a5 (16... Bxc4 17. Qxc4 a5 18. Nf3 Qd6 19. Be3 Bxe3 20.
Rxe3 Nc5 $11 {Dominguez}) 17. Nb3 Bb6 18. Bd2 $6 (18. Bxe6 Qxe6 $14) 18... Rfd8
19. c3 Qf6 20. Rf1 Qg6 21. cxb4 Bxh3 22. Qf3 Bg4 23. Qg3 Nf6 24. Qxe5 Nxe4 25.
Be3 {Dominguez Perez,L (2647)-Navara,D (2658)/Turin olm/2006/} Bf3 26. Qh2 Nd6
$17) 12... Bc5 {The most usual move, but maybe Black can consider other
alternatives:} (12... Bb7 13. f3 (13. Rd1 Qe8 (13... Bd6 14. f3 Nh5 (14... Qe7
$5) 15. Be3 Kh8 (15... Nf4 $142 $132) 16. Bd5 $5 Bxd5 17. Rxd5 Qe7 18. Nd2 c6
19. Ra5 Nf4 20. Bxf4 exf4 21. Rxa6 Bc5+ 22. Kh1 Bd4 23. Rxa8 Rxa8 24. Nc4 $16 {
Sutovsky,E (2565)-Brito Garcia,A (2395)/Benasque/1996/}) 14. f3 Bc5+ 15. Be3
Nd7 16. Nd2 a5 17. Nf1 Bxe3+ 18. Nxe3 Nb6 19. Qf2 Bc6 20. Nd5 Bxd5 21. Bxd5
Nxd5 22. Rxd5 $36 {[%csl Ra5][%cal Gd1d8] Korneev,O (2475)-Wegner,H (2365)/
Hamburg/1992/}) 13... Bc5+ (13... Nh5 14. g3 Kh8 15. Be3 Qc8 {Marin's
recommendation} (15... f5 16. exf5 Rxf5 17. Nd2 Qd6 18. Bc4 Raf8 19. Rf1 (19.
Rad1 $1 Qf6 20. Rf1 $14 {Nisipeanu}) 19... e4 20. f4 $8 (20. fxe4 $2 Nxg3 $1
21. hxg3 Qxg3+ 22. Kh1 Qh3+ 23. Kg1 Bc5 $1 $19) 20... g5 21. Qxh5 gxf4 22. Qg4
Rg5 23. Qxf4 Rxf4 24. Rxf4 Qe5 25. Nb3 c5 26. Rd1 $44 {1-0 Nisipeanu,L (2668)
-Sokolov,I (2673)/Kemer 2007/CBM 121/[Marin,M] (35)}) 16. Qg2 (16. Nd2 $142 f5
17. exf5 Qxf5 $132) 16... f5 17. exf5 Qxf5 18. g4 $2 Qd7 19. gxh5 Bxf3 20. Qg3
Bb7 21. h3 Bh4 $1 22. Qg4 (22. Qxh4 Qc6) 22... Qc6 23. Kh2 Bxe1 24. Qg1 Qf3 25.
Nd2 Qe2+ {0-1,Roser,K (2429)-Brunello,S (2467)/Chur/2010/}) 14. Be3 Bd4 $5 15.
c3 bxc3 16. bxc3 Bxe3+ 17. Qxe3 Qe7 18. Nd2 Nd7 19. Rab1 Rab8 20. a5 Rfd8 $11 {
Rapp,J (2092)-Makovsky,P (2305)/corr/1998/}) (12... Qd4 13. Nd2 Bb7 14. Kh1 a5
15. f3 Rfd8 16. Nc4 Ba6 17. Be3 Bxc4 18. Bxc4 Qd7 19. Red1 Qe8 {Palac,M (2591)
-Aronian,L (2610)/Lausanne/2003/} 20. Bb3 $36 {[%csl Ra5,Gb3,Ge3]}) (12... a5
$5 13. Rd1 (13. Nd2 Bc5 14. Nc4 Ng4 15. Ne3 Nf6 16. h3 Qe7 17. Bd2 c6 18. Qf3
Be6 19. Nf5 Bxf5 20. Qxf5 Rad8 21. Red1 h6 22. Be1 Rxd1 23. Rxd1 Bd4 24. c3
bxc3 25. bxc3 Ba7 26. Bc2 Rb8 $132 {Rowies,A (2375)-Dos Santos,M (2412)/corr/
2011/}) 13... Ba6 14. Qf3 Qc8 15. Bg5 c5 16. Bxf6 Bxf6 17. Bd5 Ra7 18. c4 Qc7
19. Nd2 Bc8 20. Nf1 Bg5 21. Ng3 Ra6 22. Nf5 g6 23. Ne3 Kg7 24. Rd3 f5 $13 {
Turcan,M (2093)-Botta,M (2222)/corr/2007/}) 13. Be3 (13. Nd2 a5 {transposes
into 12...a5!?}) 13... Qe7 $146 (13... Bd4 $5 14. c3 {The human move, which
leads nowhere. Perhaps Caruana wanted to test one of the engine continuations,
, but even here White's edge is at best only minimal:} (14. Bxd4 $5 Qxd4 15.
Rd1 Qc5 (15... Qa7 16. Nd2 Bg4 17. Nf3 Qc5 18. Rd3 Rad8 19. Rad1 $11 {/+/=})
16. Qc4 Qe7 $5 17. Nd2 a5 18. Qc6 $5 (18. Qe2 Rd8 19. Bc4 Bb7 (19... Rd4 20.
Nf3 Rd6 21. Rxd6 cxd6 22. Rd1 Bg4 23. Qe3 h6 24. b3 Rb8 25. h3 Bh5 26. Re1 Bg6
27. Nd2 Qc7 28. f3 Rd8 $11 {DavideBENEDETTO,H (2348)-Next-Level,H (2588)/
Engine Room/2012/}) 20. f3 Bc6 21. Qf2 h6 22. Bb3 Kh7 23. h4 Nh5 24. Nc4 Rd7
25. Ne3 Nf4 26. Kh1 Rdd8 27. Kh2 Bb7 28. g3 Ne6 29. Bxe6 Qxe6 30. b3 Qf6 31.
Kg1 c5 {love u chess,h (2548)-geisterjÄger,h (2541)/Engine Room/2011/}) 18...
Ra7 19. Re1 Rd8 20. Nf3 Bg4 21. Ng5 Rf8 22. h3 Bh5 23. Re3 Qd6 24. Qc4 c5 25.
Nf3 Rc8 26. Rd3 Qe7 $11 {/+/=,pablitoo,d (2463)-sweaty carpenter,r (2472)/
Engine Room/2012/}) (14. Qd3 c5 15. c3 bxc3 16. bxc3 Bxe3 17. Qxe3 Rb8 18. Nd2
Qc7 19. Bc4 Rd8 20. Reb1 (20. Nb3 Rd6 21. Rad1 Rdb6 22. Qxc5 Rc6 23. Rd8+ Qxd8
24. Qxc6 Bd7 {skypilot,k (2626)-dynamic coins,h (2494)/Engine Room/2012/} 25.
Qxa6 Qc7 26. f3 Rb7 $1 27. Rd1 Ra7 28. Qd6 Qxc4 29. Qb8+ Be8 30. Qxa7 Qxb3 $11)
20... Rxb1+ 21. Rxb1 Bd7 22. Bxa6 Bxa4 23. Bc4 Qd6 24. Nf1 g6 (24... Bc2 25.
Ra1 Bxe4 26. Ra6 $14) 25. f3 Kg7 26. Qf2 Bc6 27. Ne3 Ra8 28. Bf1 Nd7 29. Rd1
Qe7 $11 {/+/=,cyclops_,h (2718)-no fear,h (2727)/Engine Room/2011/}) 14... bxc3
15. bxc3 Bxe3 16. Qxe3 Qe7 17. Nd2 Be6 18. h3 Rfd8 19. Bxe6 Qxe6 20. Nf3 Ne8
21. c4 Nd6 22. c5 Nc8 23. Ng5 Qe7 24. Red1 Na7 25. Rd5 Nc6 $11 {Baklan,V (2578)
-Pinter,J (2535)/AUT-chT/2005/}) 14. Nd2 Bg4 $6 {This will in the end just
cost Black time.} (14... Rd8 $142 15. Nc4 a5 16. f3 $11 {/+/=}) 15. Bxc5 Qxc5
16. Qe3 Qxe3 {In an endgame the queenside pawns will be more vulnerable.} (
16... Qe7 $5 $14) 17. Rxe3 Rad8 18. Nc4 {[%csl Re5]} Rfe8 19. Na5 {[%cal Ra5c6,
Rc6b4]} Be6 (19... Rd2 20. Rd3 $5 (20. Nc6 Be6 $14) 20... Rxd3 (20... Rd8 21.
Rxd8+ Rxd8 22. Nc6 $16) 21. cxd3 $36 {[%csl Ra6,Rb4,Rc7]}) 20. f3 $1 Rd2 {
Black's activity will be only temporary.} (20... Rd6 21. Rc1 $36 {[%cal Yb3e6,
Yc2c3] can be similar to the game.}) 21. Rc1 Nd7 $6 (21... Bxb3 $142 22. Rxb3
c5 23. c3 Nh5 $5 (23... bxc3 24. Rcxc3 Rd1+ 25. Kf2 Rd2+ 26. Kf1 Red8 27. Nc4
$16 {[%csl Ra6,Rc5,Re5]}) 24. g3 bxc3 25. Rcxc3 Rd1+ 26. Kg2 Rd2+ 27. Kh3 Nf6
$14 {[%cal Yg7g5,Yh7h5]}) 22. Bxe6 Rxe6 23. Nb3 Rdd6 $8 24. c3 bxc3 (24... c5
25. cxb4 cxb4 26. Rc8+ Nf8 27. Na5 $16) 25. Rexc3 $16 Rb6 (25... c6 26. Na5 c5
{was more resilient.}) 26. a5 $1 Rb5 27. Rxc7 Rxb3 28. Rxd7 h5 (28... g6 29.
Rcc7 Rf6 (29... Rxb2 30. Rxf7 Rd6 31. Rfd7 Rxd7 32. Rxd7 {/\} Rb5 33. Rd5 $18)
30. Rb7 Rxb7 31. Rxb7 $16 {/+-}) 29. Rc8+ Kh7 30. Rxf7 Rxb2 31. Rf5 Rb1+ (31...
h4 32. Rh5+ Rh6 33. Rxh6+ (33. Rxe5 $6 h3 $132) 33... gxh6 (33... Kxh6 34. Rc6+
Kg5 35. h3 $18) 34. h3 $5 (34. Rc7+ Kg8 35. Rc5 $5 Rb1+ 36. Kf2 Rb2+ 37. Ke3
Rb3+ 38. Kd2 Rb2+ 39. Kd3 Rxg2 40. h3 Rg3 41. Ke3 $16) 34... Rb5 35. Rc7+ Kg8
36. Rc6 Rxa5 37. Rxh6 Kg7 $5 38. Rxh4 Rb5 39. Rg4+ Kh7 (39... Kf7 40. h4 a5 41.
h5 Rb6 42. Rg5 Re6 43. h6 Rxh6 44. Rxe5 Ra6 45. Rc5 a4 46. Rc2 a3 47. Ra2 $16 {
/+-}) 40. f4 exf4 (40... a5 41. f5 a4 42. Rg3 {/\} Rb3 43. Rg6 $18) 41. Rxf4
$16 {/+-}) 32. Kf2 Rb2+ (32... h4 $142 33. Rh5+ Rh6 34. Rxh6+ (34. Rxe5 $5 Rb2+
35. Ke3 Rxg2 36. f4 Rxh2 37. f5 Rf6 38. Ree8 $40) 34... gxh6 35. Rc7+ Kg8 36.
h3 $5 {- 31...h4!?}) 33. Kg3 Rg6+ 34. Kh3 Rgxg2 35. Rxh5+ Kg6 36. Rxe5 Rxh2+
37. Kg3 $18 {Black is lost, as he will drop another pawn.} Rhg2+ (37... Rbg2+
38. Kf4 Rh4+ 39. Ke3 Rh6 40. Rc6+ Kf7 (40... Kh7 41. Rxh6+ gxh6 42. Re7+ Kg8
43. Re6) 41. Rf5+ Kg8 (41... Ke7 42. Rc7+ Ke8 43. Rff7 $18) 42. Rxh6 gxh6 43.
Rf6 $18) 38. Kf4 Rb5 39. Rc6+ (39. Rc6+ Kf7 40. Rxa6 $18) 1-0

[Event "Moscow-ch61"]
[Site "Moscow"]
[Date "1983.01.??"]
[Round "?"]
[White "Suetin, Alexey S"]
[Black "Zaitsev, Igor A"]
[Result "1-0"]
[WhiteElo "2440"]
[BlackElo "2445"]
[Annotator "Suetin,A"]
[PlyCount "49"]
[EventDate "1983.01.??"]
[EventType "tourn"]
[EventRounds "17"]
[EventCountry "URS"]
[SourceTitle "EXT 2002"]
[Source "ChessBase"]
[SourceDate "2001.11.25"]
[SourceVersion "1"]
[SourceVersionDate "2001.11.25"]
[SourceQuality "1"]

1. e4 e5 2. Nf3 Nc6 3. Bb5 a6 4. Ba4 Nf6 5. O-O Be7 6. Re1 b5 7. Bb3 O-O 8. a4
b4 9. a5 d5 $5 10. exd5 e4 $5 11. dxc6 exf3 12. d4 fxg2 13. Bg5 (13. c4 $5)
13... Nd5 14. Bxe7 Nxe7 15. d5 Ng6 16. Nd2 $6 (16. Kxg2) 16... Nf4 17. Re3 (17.
Qf3 $2 Nh3+ 18. Kxg2 Qg5+ $19) 17... Qg5 18. Rg3 Qe5 19. Nc4 Qe4 20. f3 Qf5 $2
(20... Qxd5 21. Qxd5 Nxd5 22. Rxg2) (20... Qe2) (20... Qe8) 21. Qd2 $1 Rd8 22.
Re1 Be6 23. Qd4 $1 $16 {[%cal Gd4g7,Gg3g7] (+-)} g5 24. Ne3 Qg6 25. h4 1-0

[Event "Douglas IoM op"]
[Site "Douglas"]
[Date "2017.10.01"]
[Round "9"]
[White "Sutovsky, Emil"]
[Black "Grandelius, Nils"]
[Result "1-0"]
[WhiteElo "2683"]
[BlackElo "2653"]
[Annotator "Sutovsky,E"]
[PlyCount "99"]
[EventDate "2017.09.23"]
[EventType "swiss"]
[EventRounds "9"]
[EventCountry "IOM"]
[SourceTitle "CBM 181"]
[Source "ChessBase"]
[SourceDate "2017.11.10"]
[SourceVersion "1"]
[SourceVersionDate "2017.11.10"]
[SourceQuality "1"]

{Nils plays the most principled Najdorf and Marshall lines - why did I play 1.
e4 then? Well, because I always play 1.e4!} 1. e4 e5 2. Nf3 Nc6 3. Bb5 (3. Bc4
{keeps being popular, and justly so. But probably these Giuocci Piani are too
subtle for me...}) 3... a6 4. Ba4 Nf6 5. O-O Be7 6. Re1 b5 7. Bb3 O-O 8. a4 {
The topical continuation. From time to time White challenges Black's memory in
the Marshall - but I was looking for a real battle - but of course not only a
desire to fight, but good preparation was required.} b4 9. d4 d6 10. dxe5 Nxe5
(10... dxe5 {used to be the main line for many years - but Black failed in his
attempts to fully equalise there. Of course, the line is very much alive, but
the ball is rather in the black court.}) 11. Nxe5 dxe5 12. Qe2 {A new approach,
recently tried in several games. The line with 12.Qf3 has been covered by the
top players (and the Marshall is played almost exclusively by the
grandmasters!), but White found other ideas...} a5 13. Rd1 (13. Nd2 {was tried
in Ragger-Grandelius earlier this year, but Black does OK there.}) 13... Ba6
14. Qf3 Qe8 {Here comes the novelty.} ({I expected} 14... Qc8 {as was played
in Giri-Ding. The computer will indicate 0.00 as an evaluation in all the
lines here, but I had my own opinion about the position after moving it for a
few hours on the wooden board. The move made by Nils is also playable, and I
did check it during my preparation.}) 15. Be3 $5 {Engines slightly prefer 15.
Bg5, but again I had my own opinion here - and it came as a surprise to the
Swedish grandmaster, who spent quite some time before coming up with the
logical reply} Qc6 16. Nd2 Bc5 {Tempting, but not the strongest. 16...Rad8 or
16...Bb7 were the moves I had analysed - while from now on I was also on my
own.} 17. Bd5 $1 {Of course if it works, it should be played - but it was not
so clear during the game. However the temptation to get the e4-square for the
knight was too strong.} Nxd5 18. exd5 Qb6 19. Bxc5 Qxc5 20. Ne4 {Most logical,
but my pet friend advises that 20.Rac1 followed by 21.c4 was stronger. It
seems to be correct!} Qb6 (20... Qe7 {seemed much more logical during the game,
but I liked my position after} 21. d6 cxd6 22. Nxd6 {The computer holds it
somehow, and actually prefers not to hurry and start with 20.Rd2! I am not
sure I would be able to contain myself...}) {Here I took another long think.
Of course, 21.d6 is very tempting, but it is also a very responsible decision.
Especially, when I have another nice options like 21.Qf5 or 21.c4 - but, as
you could already guess by now - I chose the most tempting option. Not the
best one according to his Majesty the computer, but I never pretended to play
perfect chess!} 21. d6 cxd6 (21... Bb7 $1 {would preserve the balance. Of
course, 22.dxc7 is harmless now - although it would be the strongest option
with equality, whereas} 22. d7 Rad8 (22... Qc6 23. Nc5 $1 {was one of the
important lines I saw}) 23. Rd2 {is strongly met by} Kh8 $1 {threatening f7-f5,
and if} 24. Qe2 Qc6 {Black wins a pawn and stand clearly better. Now when you
look at it with the computer it seems so easy, but my opponent spent nearly
half an hour here. During this time I also kept calculating the lines, and
this sequence didn't cross our mind. Sometimes things are more complex than
they look.}) 22. Rxd6 Qc7 {Now White has a lot of tempting options, but
neither of them brings an advantage.} 23. Qf5 ({For quite some time I
considered} 23. Nf6+ gxf6 24. Qxf6 {and now if} Qxc2 (24... Bb7) (24... Rfd8)
25. Qg5+ Kh8 26. Qxe5+ f6 27. Rxf6 Rxf6 28. Qxf6+ Kg8 29. Qe6+ Kg7 30. Qe5+ Kg6
31. Qd6+ Kg7 32. Qd4+ {and finally get his rook or deliver mate after} Kh6 33.
Re1 {but then I realised, he can play 24...Bb7 or 24...Rfd8, and I don't have
anything more than a draw. Hence I preferred the move in the text.}) 23... Bb7
{Black has finally mobilised his pieces, but it is White to move!} 24. Ng5 g6
25. Qxe5 $1 (25. Qh3 h5 {looked tempting for a while, but White doesn't have
any breakthrough - while playing the move in the text I already spotted a
beautiful combination.}) 25... Qxc2 {That was played quickly to my elation.} ({
I was not sure how big my advantage is after} 25... Rac8 26. Rad1 h6 $1 (26...
Qxc2 27. Nxf7 $1 $18) 27. Nf3 Bxf3 28. gxf3 Qxc2 {Now, I know how big it is.
It is 0.00. But Nils grabbed the pawn on c2 quickly, missing the following
combination.}) 26. Nxh7 $3 {One of the most unusual combinations I have ever
managed to play. It may seem not so complex, but in fact the motif is very
unusual, and the decisive move is hard to spot in advance. Well, I should not
try to convince you - take a look yourselve!} Kxh7 27. Rd4 $1 Kg8 {Only move.
27...f6 loses quickly, while 27...g5 is refuted with a nice geometrical motif:}
(27... g5 28. Qxg5 Qg6 29. Qh4+ $1 Qh6 30. Qe7 $1 $18) 28. Rh4 f6 29. Qe6+ {
Only here my opponent realised he might be in trouble.} Rf7 ({After} 29... Kg7
30. Rc4 $1 {the difficult move to spot in advance. White changes the direction
of attack and wins a piece back with some dividend. However, after} Qf5 31.
Rc7+ Kh6 32. Qe3+ $1 (32. Qxf5 gxf5 33. Rxb7 Rfb8 $1 {and after mass
liquidation, we'll get 3 vs 2 in the rook endgame, where double f-pawns do not
make a draw much more complex, even if the defensive task is unpleasant.})
32... g5 $1 (32... Qg5 33. Qh3+ Qh5 34. Qd7 $1 {Black is going down} Bd5 (34...
Rad8 35. Qg7+ Kg5 36. h3 $1 {with mate to follow soon}) 35. Qg7+ Kg5 36. Rf1 {
and the house divided won't stand.}) 33. Rxb7 Rae8 34. Qg3 {Of course, it is a
much better version for him, compared to what actually happened in the game,
but Black's position is still very unpleasant.}) 30. Qh3 $1 {Another point of
the combination. So, in one line it was Rc4, changing the direction, and in
this one Qh3 - now using the opposite side of the board. Cruel computers
destroy the magic, claiming Black still could hold a draw here.} f5 ({After} 
30... Re7 $1 31. Rh8+ (31. Rf1 {I can improve my position slowly, but after}
Bd5 32. Rh8+ Kf7 33. Rxa8 Bxa8 34. Qh7+ Kf8 35. Qh8+ Kf7 36. Qxa8 Qxb2 {
it is still a draw.}) 31... Kf7 32. Rh7+ Ke8 33. Rxe7+ Kxe7 34. Qh7+ Kf8 35.
Qxb7 Rd8 {It is true. I just have to say we both hadn't seen it, and of course,
Nils used all his time, trying to find the defence, but with just two minutes
left he made the move in text.}) 31. Rh8+ Kg7 32. Qh6+ $1 (32. Rh7+ Kg8 33.
Rxf7 Kxf7 34. Qh7+ Kf6 35. Qxb7 Re8 {and Black should hold - was the line
planned by Nils, but I found the stronger way.}) 32... Kf6 33. Rxa8 Bxa8 34.
Qh8+ Rg7 35. Qxa8 {Now his king is too exposed, and he is not in time to bring
his rook into play!} Qd2 $1 {The only move not to lose at once.} (35... Rd7 36.
Qh8+ $1) (35... Re7 36. Qf8+) (35... Qxb2 36. Qd8+ Re7 37. Re1) 36. h4 Rc7 37.
Qh8+ {The most important thing is to have his king under attack. The pawn on
a5 can wait.} Ke6 38. Qe8+ Kf6 39. Re1 {Finally the rook joins the game.} Kg7
40. Qe5+ Kg8 41. h5 $1 {After the time control I took my time and found the
cleanest path to a victory.} gxh5 42. Re3 Qd7 43. Rg3+ Kh7 44. f4 $1 {Now my
king will be guarded against the checks, and I simply snatch all the pawns or/
and deliver mate.} Rc4 45. Kh2 $1 (45. Rg5 Qd4+ $1) 45... Qf7 46. Rg5 Re4 47.
Rxf5 Rxe5 48. Rxf7+ Kg6 49. fxe5 Kxf7 50. Kg3 {I like this game a lot. Yes, it
was not as smooth as I initially thought, but the unusual combination was
quite complex, and even if Black could have held it with brilliant defence
does not make take away much of the impression. But of course, it is just a
subjective feeling. Still I hope you enjoyed the game and my attempt to convey
the way I felt while playing.} 1-0

[Event "George Marx Memorial 4th"]
[Site "Paks"]
[Date "2006.07.29"]
[Round "2"]
[White "Efimenko, Zahar"]
[Black "Harikrishna, Pentala"]
[Result "1/2-1/2"]
[WhiteElo "2632"]
[BlackElo "2682"]
[Annotator "Szabo,Kr"]
[PlyCount "100"]
[EventDate "2006.07.28"]
[EventType "tourn"]
[EventRounds "10"]
[EventCountry "HUN"]
[EventCategory "15"]
[SourceTitle "CBM 113 Extra"]
[Source "ChessBase"]
[SourceDate "2006.09.14"]
[SourceVersion "1"]
[SourceVersionDate "2006.09.14"]
[SourceQuality "1"]

1. e4 e5 2. Nf3 Nc6 3. Bb5 a6 4. Ba4 Nf6 5. O-O Be7 6. Re1 b5 7. Bb3 O-O 8. a4
b4 9. d4 d6 10. dxe5 dxe5 11. Qxd8 Rxd8 12. Bg5 Rb8 (12... Bb7) 13. Nbd2 h6 14.
Bxf6 (14. Be3 Bb7 15. h3 Bd6 16. a5 Ne7 $11 {Kovalev-Timman, Mallorca 2004})
14... Bxf6 15. Bd5 Ne7 (15... Na7 16. Nb3 $14) (15... Nd4 16. Nxd4 exd4 17.
Rab1 (17. Nb3 $6 d3 18. cxd3 Bxb2 19. Ra2 Bc3 20. Rd1 Rxd5 $1 21. exd5 Bb7 $36)
(17. Nc4 b3) 17... Be6 18. Bxe6 fxe6 19. e5 (19. Nb3 d3 20. cxd3 Rxd3 21. Nc5
Rd2 22. e5 Be7 23. Nxa6 Rb6 24. Nxc7 Rc6 25. Nb5 Rcc2 $132) 19... Be7 20. Nc4
d3 21. cxd3 Rxd3 22. Red1 Rbd8 23. Rxd3 Rxd3 24. b3 (24. Kf1 b3 $1 25. Ke2 Rd4
26. Rc1 Bb4 27. Ke3 c5)) 16. Bc4 Rb6 17. Bb3 Nc6 18. Nc4 Rb8 19. h3 Be6 20.
Rad1 Bxc4 $6 (20... Kf8) 21. Bxc4 a5 22. Kf1 $6 (22. Bb5 Nd4 (22... Na7 23. Bd7
) 23. Nxd4 Rxd4 24. Rxd4 exd4 25. e5 Be7 26. Kf1) 22... Rxd1 23. Rxd1 Nd4 24.
Nxd4 Rd8 (24... exd4 $2 25. f4 $16) 25. Ke2 Rxd4 26. Rxd4 exd4 27. Kd3 Kf8 28.
f4 (28. Bd5 $1 Be5 29. Kc4 c6 30. Bxc6 g5 31. b3 Ke7 32. Kc5 Kd8 (32... Bc7 33.
Kxd4 Bb6+ 34. Kc4 Bxf2 35. Kb5 Kd6 36. Bd5 f5 37. Kxa5 fxe4 38. Bxe4 Kc5 39.
Ka6 $18) 33. Kd5 f6 34. Ke6 h5) 28... c6 $1 29. e5 Bh4 30. Kxd4 Bf2+ 31. Ke4
Ke7 32. f5 Bg3 (32... h5 $1 33. g4 hxg4 34. hxg4 f6 $11) 33. Be2 Bf2 34. g4 f6
35. e6 Kd6 36. Bf3 Bc5 37. Kf4 Bd4 38. b3 Bc5 (38... Bf2 $1 $11) 39. Kg3 Bd4
40. Kh4 Ke7 41. Bxc6 Be5 42. Kh5 Kf8 43. Kg6 Bd6 44. Kh7 Bc5 45. Bf3 Bd6 46.
Bd1 Bc5 47. Kg6 Bd6 48. Be2 Bc5 49. Bb5 Bd6 50. h4 Be7 1/2-1/2